İstanbul'un İlçeleri - Statistics

General Stats
  • This quiz has been taken 2 420 times
  • The average score is 25 of 39
Answer Stats
Cevaplar % Correct
Kadıköy
90%
Beşiktaş
86%
Büyükçekmece
78%
Fatih
78%
Küçükçekmece
78%
Üsküdar
78%
Pendik
74%
Bağcılar
72%
Silivri
69%
Arnavutköy
68%
Esenyurt
68%
Sarıyer
68%
Ümraniye
68%
Avcılar
67%
Beykoz
67%
Kartal
67%
Esenler
66%
Tuzla
66%
Beylikdüzü
64%
Beyoğlu
64%
Başakşehir
63%
Bakırköy
61%
Maltepe
61%
Şile
61%
Şişli
61%
Zeytinburnu
60%
Adalar
59%
Ataşehir
59%
Gaziosmanpaşa
57%
Bahçelievler
56%
Sultanbeyli
53%
Çatalca
50%
Eyüpsultan
50%
Kağıthane
49%
Sultangazi
47%
Bayrampaşa
46%
Çekmeköy
46%
Güngören
45%
Sancaktepe
43%
No matching quizzes found
Score Distribution
Percent of People with Each Score
Percentile by Number Answered
Your Score History
You have not taken this quiz